=LDR 00000nam 2200000 4500 =001 NUTBA000000000001413 =005 20200803082249 =035 ##$$a 0010-041400000000683 =008 200803################g##########0#ind## =020 ##$$a 979-9392-50-0 =082 ##$$a 2x7.42 =084 ##$$a 2x7.42 ABD s =100 1#$$a Abdullah, Yatimin =245 1#$$a Studi Islam Kontemporer /$c Drs. M. Yatimin Abdullah, M.A. =250 ##$$a cet.1 =260 ##$$a Jakarta :$b Amzah,$c 2006 =300 ##$$a xii, 361, hlm., ; $c 15 x 23 cm =650 #4$$a Islam, studi =504 ##$$a Biografi penulis; hlm, 363 =990 ##$$a 20901051 =990 ##$$a 20901050 =990 ##$$a 00093260